Ngữ pháp tiếng Hàn bỏ túi /
Na minha lista:
| Autor principal: | |
|---|---|
| Outros Autores: | |
| Formato: | Sách giấy |
| Publicado em: |
H. :
Hồng Đức,
2018.
|
| coleção: | Tủ sách giúp học tốt tiếng Hàn
|
| Assuntos: | |
| Tags: |
Adicionar Tag
Sem tags, seja o primeiro a adicionar uma tag!
|
| Thư viện lưu trữ: | Thư viện Trường Đại học Đà Lạt |
|---|
| LEADER | 00805nam a2200325 4500 | ||
|---|---|---|---|
| 001 | DLU200194401 | ||
| 005 | ##20200130 | ||
| 020 | # | # | |a 9786048960414 |
| 040 | # | # | |a DLU |b vie |
| 041 | # | # | |a viekor |
| 044 | # | # | |a vn |
| 082 | # | # | |a 495.782 |b NG-B |
| 100 | # | # | |a Ngọc Bích. |
| 245 | # | # | |a Ngữ pháp tiếng Hàn bỏ túi / |c Ngọc Bích, Trang Đào. |
| 260 | # | # | |a H. : |b Hồng Đức, |c 2018. |
| 300 | # | # | |a 368 tr. ; |c 21 cm. |
| 490 | # | # | |a Tủ sách giúp học tốt tiếng Hàn |
| 650 | # | # | |a Tiếng Hàn Quốc |x Ngữ pháp. |
| 700 | # | # | |a Trang Đào. |
| 923 | # | # | |a 07/2019 |
| 991 | # | # | |a SH |
| 992 | # | # | |a 195000 |
| 994 | # | # | |a DLU |
| 900 | # | # | |a True |
| 911 | # | # | |a Nguyễn Thanh Hương |
| 925 | # | # | |a G |
| 926 | # | # | |a A |
| 927 | # | # | |a SH |
| 980 | # | # | |a Thư viện Trường Đại học Đà Lạt |


